[Event "50th Rilton Cup 2022-23"]
[Site "Stockholm SWE"]
[Date "2023.01.04"]
[Round "8.50"]
[White "Joel Paul Ganta"]
[Black "Valkama, Eero"]
[Result "1-0"]
[BlackTitle "FM"]
[WhiteElo "2183"]
[BlackElo "2263"]
[WhiteFideId "35066145"]
[BlackFideId "507555"]
[EventDate "2022.12.27"]

1. d4 Nf6 2. Bg5 e6 3. e4 h6 4. Bxf6 Qxf6 5. Nc3 d6 6. Nf3 g6 7. e5 Qe7 8. Ne4
Bg7 9. exd6 cxd6 10. Bd3 O-O 11. O-O Nd7 12. Re1 b6 13. h4 Bb7 14. h5 g5 15. Ng3
Qf6 16. Ne4 Qe7 17. Ng3 Qf6 18. Ne4 Qe7 19. c3 f5 20. Ng3 Qf7 21. Bc4 Rae8 22.
Qe2 Bxf3 23. Qxf3 d5 24. Bb5 Re7 25. Bxd7 Rxd7 26. Re2 Bf6 27. Rae1 Re7 28. Nf1
g4 29. Qg3 Rfe8 30. f4 Qxh5 31. Qe3 Qf7 32. g3 Kg7 33. Rh2 h5 34. Qf2 Qg6 35.
Re2 Kf7 36. Rh1 Rh8 37. Qe1 Ree8 38. Ne3 Bd8 39. Ng2 Re7 40. Qd1 Rc7 41. Ne1 h4
42. Nd3 Qf6 43. Reh2 h3 44. Re2 Be7 45. Ne5+ Kg7 46. Kh2 Bd6 47. Nd3 Re8 48.
Rhe1 Kf7 49. Qa4 Qd8 50. Re3 Qb8 51. Nf2 Kf6 52. Qd1 Rg7 53. Qe2 Qc8 54. b3 Bb8
55. c4 Qc6 56. Nd3 dxc4 57. Nb4 Qg2+ 58. Qxg2 hxg2 59. bxc4 Rd7 60. Nc6 Rd6 61.
d5 Rh8+ 62. Kxg2 exd5 63. cxd5 Rc8 64. Re7 Rcxc6 65. dxc6 Rxc6 66. R1e2 a5 67.
Rh7 Kg6 68. Rhe7 Kf6 69. Re8 Bd6 70. R8e6+ Kf7 71. a4 Rc2 72. Rxc2 Kxe6 73. Rc6
Kd5 74. Rxb6 Bb4 75. Rb5+ Kc4 76. Rxf5 Kb3 77. Rg5 Kxa4 78. Rxg4 Kb3 79. f5 a4
80. Rxb4+ 1-0

[Event "50th Rilton Cup 2022-23"]
[Site "Stockholm SWE"]
[Date "2023.01.04"]
[Round "8.51"]
[White "Wernberg, Hugo"]
[Black "Grahn, Vidar"]
[Result "1-0"]
[WhiteTitle "FM"]
[WhiteElo "2255"]
[BlackElo "1980"]
[WhiteFideId "1737511"]
[BlackFideId "1744780"]
[EventDate "2022.12.27"]

1. d4 Nf6 2. c4 c6 3. Nf3 d5 4. Nc3 e6 5. cxd5 exd5 6. Qc2 g6 7. Bg5 Be7 8. e3
Bf5 9. Bd3 Bxd3 10. Qxd3 Nbd7 11. O-O O-O 12. Bf4 Re8 13. h3 Bf8 14. Bh2 Ne4 15.
Ne2 f5 16. Rad1 Bh6 17. Ne5 Nxe5 18. Bxe5 Bg7 19. Bxg7 Kxg7 20. Nf4 Qe7 21. Qe2
a5 22. Nd3 a4 23. Rc1 Ra5 24. Rc2 Rc8 25. Re1 b6 26. Rec1 c5 27. dxc5 Nxc5 28.
Rd1 Rd8 29. Nb4 Qe6 30. Qd2 Ra7 31. Qd4+ Kf7 32. Qh4 Ke8 33. Qd4 Kf7 34. Nd3
Nxd3 35. Rxd3 Qe4 36. Qxb6 Rad7 37. Qd4 Qe6 38. Qxa4 d4 39. Rcd2 Kf8 40. Rxd4
Rxd4 41. Rxd4 Rxd4 42. Qxd4 Qxa2 43. Qh8+ Kf7 44. Qxh7+ Kf6 45. Qh8+ Kf7 46. Qe5
Qb1+ 47. Kh2 g5 48. f4 g4 49. hxg4 fxg4 50. Qh5+ Ke7 51. Qxg4 Qxb2 52. Qg5+ Kf7
53. Qf5+ Kg8 54. e4 Qh8+ 55. Qh3 Qd4 56. Qg4+ Kh7 57. Qh5+ Kg8 58. Qd5+ 1-0

[Event "50th Rilton Cup 2022-23"]
[Site "Stockholm SWE"]
[Date "2023.01.04"]
[Round "8.52"]
[White "Westerinen, Heikki M.J."]
[Black "Ornstein, Axel"]
[Result "1/2-1/2"]
[WhiteTitle "GM"]
[BlackTitle "IM"]
[WhiteElo "2253"]
[BlackElo "2249"]
[WhiteFideId "500020"]
[BlackFideId "1700111"]
[EventDate "2022.12.27"]

1. e4 e5 2. Nf3 Nc6 3. Bb5 a6 4. Ba4 Nf6 5. d3 b5 6. Bb3 Bc5 7. O-O d6 8. h3 Na5
9. Be3 Bxe3 10. fxe3 O-O 11. Nc3 Nxb3 12. axb3 Bb7 13. Qe1 g6 14. Qh4 Kg7 15.
Rf2 Nh5 16. Qxd8 Raxd8 17. g4 Nf6 18. Raf1 Ng8 19. Ng5 Nh6 20. Nd5 Bxd5 21. exd5
a5 22. c4 bxc4 23. bxc4 Rb8 24. Ra1 Rb3 25. Rd2 Ra8 26. Kf2 Ng8 27. Ne4 a4 28.
Ke2 Nf6 29. Nc3 a3 30. Nb1 e4 31. d4 a2 32. Na3 Nd7 33. Rxa2 Nb6 34. Rc2 Rb4 35.
Ra1 Nxc4 36. Rf1 Nxa3 37. bxa3 Rxa3 38. Rf4 Rb7 39. Rxe4 Kf8 40. Rf4 Ra5 41. e4
Ke7 42. Rf3 Ra1 43. Rfc3 Kd7 44. Rf3 Ke7 45. Rfc3 1/2-1/2

[Event "50th Rilton Cup 2022-23"]
[Site "Stockholm SWE"]
[Date "2023.01.04"]
[Round "8.53"]
[White "Lye, Lik Zang"]
[Black "Raghav, Srivathsav V"]
[Result "1-0"]
[WhiteTitle "FM"]
[WhiteElo "2241"]
[BlackElo "2059"]
[WhiteFideId "5712181"]
[BlackFideId "5073316"]
[EventDate "2022.12.27"]

1. d4 Nf6 2. c4 g6 3. Nc3 Bg7 4. e4 d6 5. Be2 O-O 6. Be3 c5 7. d5 e6 8. Nf3 exd5
9. cxd5 Bg4 10. Nd2 Bxe2 11. Qxe2 Re8 12. O-O a6 13. a4 Nbd7 14. Kh1 Ne5 15. f4
Neg4 16. Bg1 h5 17. Qf3 Qe7 18. h3 Nh6 19. Rae1 Nd7 20. Bf2 b5 21. axb5 axb5 22.
Nxb5 Reb8 23. Qd3 Ra2 24. Rb1 Rxb2 25. Rxb2 Bxb2 26. Rb1 Bg7 27. Nc4 Qf6 28. Bg3
Bf8 29. Qa3 Nb6 30. Qa7 Nxc4 31. Qxb8 h4 32. Bh2 Nd2 33. e5 dxe5 34. d6 Kg7 35.
d7 Be7 36. Rd1 Nc4 37. d8=Q Bxd8 38. Qxd8 Qc6 39. Qd7 Qe4 40. Nd6 Qe2 41. Nxc4
Qxc4 42. fxe5 Nf5 43. e6 Qxe6 44. Qxe6 fxe6 45. Rc1 1-0

[Event "50th Rilton Cup 2022-23"]
[Site "Stockholm SWE"]
[Date "2023.01.04"]
[Round "8.54"]
[White "Cederstam, Carl"]
[Black "Larsen, Karsten"]
[Result "1-0"]
[WhiteTitle "FM"]
[BlackTitle "FM"]
[WhiteElo "2276"]
[BlackElo "2248"]
[WhiteFideId "1713329"]
[BlackFideId "1404288"]
[EventDate "2022.12.27"]

1. e4 e5 2. Nf3 Nc6 3. Bb5 a6 4. Ba4 Nf6 5. O-O b5 6. Bb3 Bc5 7. c3 d6 8. a4 Rb8
9. d4 Bb6 10. a5 Ba7 11. h3 O-O 12. Be3 Ra8 13. Nbd2 Bb7 14. Re1 exd4 15. cxd4
Nb4 16. Bg5 h6 17. Bh4 g5 18. Nxg5 hxg5 19. Bxg5 Bxd4 20. Nf3 Bc5 21. Nh2 Bc8
22. Qf3 Kg7 23. Rad1 Qe7 24. e5 dxe5 25. Qxa8 c6 26. Qb8 Bg4 27. Qxf8+ Qxf8 28.
Bxf6+ Kxf6 29. Nxg4+ Kg7 30. Rxe5 1-0

[Event "50th Rilton Cup 2022-23"]
[Site "Stockholm SWE"]
[Date "2023.01.04"]
[Round "8.55"]
[White "Acikel, Mert"]
[Black "Torngren, Gustav"]
[Result "1/2-1/2"]
[WhiteTitle "FM"]
[BlackTitle "FM"]
[WhiteElo "2234"]
[BlackElo "2275"]
[WhiteFideId "12956465"]
[BlackFideId "1728970"]
[EventDate "2022.12.27"]

1. e4 c6 2. Nf3 d5 3. Nc3 dxe4 4. Nxe4 Nf6 5. Qe2 Nxe4 6. Qxe4 Qa5 7. Bc4 Bf5 8.
Qf4 e6 9. c3 Be7 10. d4 Nd7 11. O-O h6 12. Rd1 O-O 13. h3 Nf6 14. a4 Qd8 15. a5
Bd6 16. Qd2 Qc7 17. Qe2 Rad8 18. Bd3 Bxd3 19. Rxd3 c5 20. a6 c4 21. Rd1 b5 22.
Re1 Nd5 23. Bd2 Rb8 24. Qe4 Qe7 25. g4 Rb6 26. g5 h5 27. Kh1 g6 28. Nh4 Qc7 29.
Ng2 Rc8 30. Nh4 Ne7 31. Be3 Qd7 32. d5 exd5 33. Qf3 Bc5 34. Bf4 Nf5 35. Nxf5
Qxf5 36. Re5 Qc2 37. Rae1 Rf8 38. Rxd5 Qxf2 39. Qxf2 Bxf2 40. Rf1 Bh4 41. Be3
Rxa6 42. Rxb5 Re8 43. Bd4 Rae6 44. Rb7 Bxg5 45. Rfxf7 R8e7 46. Rg7+ Rxg7 47.
Rxg7+ Kf8 48. Rxa7 Be3 49. Ra8+ Ke7 50. Ra7+ Ke8 51. Ra8+ Kd7 52. Ra7+ Kd8 53.
Ra8+ Ke7 54. Ra7+ Kf8 55. Ra8+ Kf7 56. Ra7+ 1/2-1/2

[Event "50th Rilton Cup 2022-23"]
[Site "Stockholm SWE"]
[Date "2023.01.04"]
[Round "8.56"]
[White "Schenderowitsch, Michael"]
[Black "Tulchynskyi, Feliks"]
[Result "1/2-1/2"]
[WhiteTitle "FM"]
[WhiteElo "2269"]
[BlackElo "2135"]
[WhiteFideId "4661923"]
[BlackFideId "34127895"]
[EventDate "2022.12.27"]

1. d4 d5 2. c4 e6 3. Nc3 a6 4. cxd5 exd5 5. Nf3 Nf6 6. Bf4 Bd6 7. Bg5 c6 8. e3
O-O 9. Bd3 Be6 10. Qc2 h6 11. Bh4 Nbd7 12. O-O Re8 13. Bg3 Qe7 14. Bxd6 Qxd6 15.
b4 b5 16. Rab1 Nb6 17. a4 Nc4 18. Qc1 Ra7 19. a5 Rae7 20. h3 Bc8 21. Re1 Qc7 22.
Ra1 Nh5 23. Bxc4 bxc4 24. Qd1 g6 25. Na4 Kh7 26. Nc5 Ng7 27. Qa4 f6 28. Nh4 Qd6
29. Qc2 Nf5 30. Nxf5 Bxf5 31. Qc3 Bc8 32. e4 dxe4 33. Qxc4 Kg7 34. Re3 f5 35.
Rae1 h5 36. h4 Rd8 37. Rd1 Rde8 38. Rde1 Rd8 39. Rd1 Ree8 1/2-1/2

[Event "50th Rilton Cup 2022-23"]
[Site "Stockholm SWE"]
[Date "2023.01.04"]
[Round "8.57"]
[White "Rasti, Arvin"]
[Black "Persson, Sebastian 2007"]
[Result "1-0"]
[WhiteElo "2249"]
[BlackElo "1727"]
[WhiteFideId "1741160"]
[BlackFideId "1764187"]
[EventDate "2022.12.27"]

1. e4 c6 2. Nf3 d5 3. Nc3 dxe4 4. Nxe4 Nf6 5. Qe2 Nxe4 6. Qxe4 Qd5 7. Qf4 Bf5 8.
Bc4 Qe4+ 9. Qxe4 Bxe4 10. Bxf7+ Kxf7 11. Ng5+ Kg8 12. Nxe4 g6 13. Nc5 b6 14. Ne6
Na6 15. Nxf8 Kxf8 16. a3 Kf7 17. O-O c5 18. d3 Rhc8 19. Re1 c4 20. Bg5 e6 21.
dxc4 Rxc4 22. c3 Rc7 23. Rad1 Nc5 24. h4 Rac8 25. Rd4 Rd7 26. Rxd7+ Nxd7 27. Rd1
Rc7 28. f3 Nc5 29. Bf4 Rd7 30. Rxd7+ Nxd7 31. c4 e5 32. Bg3 Ke6 33. Kf2 Kf5 34.
Ke3 Nb8 35. Be1 h5 36. Bc3 Nc6 37. b4 Ne7 38. b5 Ng8 39. a4 Nf6 40. a5 Nd7 41.
a6 Ke6 42. f4 exf4+ 43. Kxf4 Nc5 44. Bd4 Nd7 45. Kg5 Kf7 46. Kh6 1-0

[Event "50th Rilton Cup 2022-23"]
[Site "Stockholm SWE"]
[Date "2023.01.04"]
[Round "8.58"]
[White "Mittelberger, Peter"]
[Black "Shailesh, Dravid"]
[Result "0-1"]
[BlackTitle "FM"]
[WhiteElo "2206"]
[BlackElo "2286"]
[WhiteFideId "1602942"]
[BlackFideId "25017969"]
[EventDate "2022.12.27"]

1. e4 d5 2. exd5 Nf6 3. Nf3 Nxd5 4. d4 Bf5 5. Bd3 Bxd3 6. Qxd3 e6 7. O-O Nc6 8.
Bg5 Be7 9. Bxe7 Qxe7 10. c4 Nb6 11. Nc3 O-O-O 12. a4 Qb4 13. c5 Nc4 14. Ne2 Nxb2
15. Qc2 Nc4 16. Rfc1 N4a5 17. Rab1 Qa3 18. h3 Nb4 19. Qd2 Nac6 20. Rc3 Qa2 21.
Qxa2 Nxa2 22. Rcb3 a5 23. Rxb7 Nab4 24. Rb5 f6 25. Nc1 Nc2 26. R5b2 N2xd4 27.
Nxd4 Rxd4 28. Ra1 Rd1+ 29. Kh2 0-1

[Event "50th Rilton Cup 2022-23"]
[Site "Stockholm SWE"]
[Date "2023.01.04"]
[Round "8.60"]
[White "Kukreja, Sankalp"]
[Black "Sadekov, Maksim"]
[Result "1-0"]
[WhiteTitle "CM"]
[WhiteElo "2254"]
[BlackElo "2113"]
[WhiteFideId "45027676"]
[BlackFideId "4508912"]
[EventDate "2022.12.27"]

1. e4 e6 2. d4 d5 3. Nc3 Nf6 4. e5 Nfd7 5. f4 c5 6. Nf3 Nc6 7. Be3 c4 8. f5 Bb4
9. fxe6 Bxc3+ 10. bxc3 fxe6 11. g3 O-O 12. Bh3 Qe8 13. O-O Nd8 14. Qe2 Qh5 15.
Qg2 h6 16. g4 Qe8 17. g5 Kh7 18. Kh1 Rg8 19. Rg1 Qg6 20. Nh4 Qh5 21. g6+ Kh8 22.
Qg3 Nf6 23. exf6 e5 24. Raf1 Nc6 25. fxg7+ Rxg7 26. Rf8+ Rg8 27. Qf2 Bxh3 28.
Qf6# 1-0

[Event "50th Rilton Cup 2022-23"]
[Site "Stockholm SWE"]
[Date "2023.01.05"]
[Round "9.1"]
[White "Urkedal, Frode Olav Olsen"]
[Black "Pranesh, M"]
[Result "0-1"]
[WhiteTitle "GM"]
[BlackTitle "IM"]
[WhiteElo "2536"]
[BlackElo "2475"]
[WhiteFideId "1506102"]
[BlackFideId "35028600"]
[EventDate "2022.12.27"]

1. d4 d5 2. c4 e6 3. Nf3 c6 4. e3 Nf6 5. Nbd2 Nbd7 6. b3 Ne4 7. Bd3 f5 8. Bb2
Bd6 9. O-O Qf6 10. Rc1 g5 11. Bxe4 dxe4 12. Ne5 O-O 13. f3 exf3 14. Ndxf3 g4 15.
Nxd7 Bxd7 16. Ne5 Qh6 17. Qe1 Bxe5 18. dxe5 c5 19. Qg3 Bc6 20. Rcd1 Rac8 21. Rd6
Qg6 22. Rf4 Kf7 23. Bc3 Rfe8 24. Qe1 Qg5 25. Qf2 Kg8 26. Qg3 h6 27. Rf1 Kf7 28.
Rfd1 Kg6 29. Be1 Kf7 30. Qf2 h5 31. Qf4 Kg6 32. Qf2 Kf7 33. a3 Kg6 34. Qd2 h4
35. b4 cxb4 36. axb4 a6 37. Rc1 h3 38. g3 f4 39. Qc2+ Qf5 40. Qxf5+ Kxf5 41.
gxf4 Bd5 42. c5 Re7 43. Ra1 Rg7 44. Bg3 Rgc7 45. Kf2 Rc6 46. Ke2 b6 47. Rxc6
Rxc6 48. Rc1 bxc5 49. bxc5 a5 50. Kd3 a4 51. Rc3 Ra6 52. Ra3 Ra8 53. Bh4 Bc6 54.
Kd4 Ra7 55. Kc4 Rb7 56. Kc3 Rb1 57. Ra2 Rg1 58. Rd2 Rc1+ 59. Kb4 Rb1+ 60. Ka5
Rb5+ 61. Ka6 Rxc5 62. Kb6 Rc3 63. Ra2 a3 64. Be1 Bd5 65. e4+ Kxe4 66. Re2+ Re3 0-1

[Event "50th Rilton Cup 2022-23"]
[Site "Stockholm SWE"]
[Date "2023.01.05"]
[Round "9.2"]
[White "Horvath, Dominik"]
[Black "Meshkovs, Nikita"]
[Result "0-1"]
[WhiteTitle "IM"]
[BlackTitle "GM"]
[WhiteElo "2502"]
[BlackElo "2566"]
[WhiteFideId "1642561"]
[BlackFideId "11602740"]
[EventDate "2022.12.27"]

1. d4 Nf6 2. c4 e6 3. Nc3 Bb4 4. Qc2 b6 5. e4 c5 6. d5 Qe7 7. Ne2 exd5 8. exd5
d6 9. Bd2 O-O 10. O-O-O Ng4 11. Be1 Qg5+ 12. Qd2 Qxd2+ 13. Kxd2 Na6 14. a3 Ba5
15. f3 Ne5 16. Ng3 f5 17. f4 Ng6 18. Nh5 Bd7 19. Kc2 Rae8 20. Bd3 Re7 21. Bd2
Nh4 22. Rhg1 Be8 23. Ng3 Bd7 24. Nf1 Rfe8 25. h3 Nc7 26. Nh2 Bxc3 27. Kxc3 b5
28. b3 a5 29. g3 Ng6 30. Nf3 a4 31. g4 axb3 32. Kxb3 Re3 33. Bxe3 Rxe3 34. Ng5
bxc4+ 35. Kxc4 Bb5+ 36. Kc3 Nxf4 37. Rge1 Ncxd5+ 38. Kc2 Ba4+ 39. Kb1 Bxd1 0-1

[Event "50th Rilton Cup 2022-23"]
[Site "Stockholm SWE"]
[Date "2023.01.05"]
[Round "9.3"]
[White "Abdrlauf, Elham"]
[Black "Kucuksari, Kaan"]
[Result "0-1"]
[WhiteTitle "IM"]
[BlackTitle "IM"]
[WhiteElo "2518"]
[BlackElo "2492"]
[WhiteFideId "1533533"]
[BlackFideId "6380166"]
[EventDate "2022.12.27"]

1. e4 c5 2. Nf3 d6 3. d4 cxd4 4. Nxd4 Nf6 5. Nc3 Nc6 6. Bc4 e6 7. Be3 Bd7 8. Bb3
Nxd4 9. Qxd4 Be7 10. O-O-O O-O 11. f4 Bc6 12. h3 Nd7 13. Qc4 Rc8 14. Rhf1 Qa5
15. f5 b5 16. Qe2 Nc5 17. f6 Nxb3+ 18. axb3 Bxf6 19. Rxf6 b4 20. Na4 gxf6 21.
Bh6 Kh8 22. Bxf8 Rxf8 23. Rxd6 Rc8 24. Kb1 Qe5 25. Rd2 Bxe4 26. Ka2 Kg7 27. Qf2
Qc7 28. c3 bxc3 29. bxc3 Bc6 30. Rd4 Bxa4 31. Rg4+ Kf8 32. Rxa4 Qxc3 33. Qxa7
Qc1 34. Rc4 Rxc4 35. bxc4 Qxc4+ 36. Kb2 Qe2+ 37. Ka1 Qf1+ 38. Kb2 Qxg2+ 39. Ka1
Qf1+ 40. Kb2 Qxh3 41. Qb8+ Kg7 42. Qc7 Qg2+ 43. Ka1 Qg1+ 44. Kb2 h5 45. Qf4 Qg4
46. Qf2 h4 0-1

[Event "50th Rilton Cup 2022-23"]
[Site "Stockholm SWE"]
[Date "2023.01.05"]
[Round "9.4"]
[White "Prraneeth, Vuppala"]
[Black "Galperin, Platon"]
[Result "0-1"]
[WhiteTitle "IM"]
[BlackTitle "GM"]
[WhiteElo "2427"]
[BlackElo "2530"]
[WhiteFideId "46622373"]
[BlackFideId "14165414"]
[EventDate "2022.12.27"]

1. e4 c5 2. Nf3 e6 3. d4 cxd4 4. Nxd4 Nc6 5. Nc3 Qc7 6. Be3 a6 7. a3 b5 8. Nxc6
Qxc6 9. Bd3 Bb7 10. Qd2 Rc8 11. f3 Qc7 12. O-O Bc5 13. Bxc5 Qxc5+ 14. Kh1 Ne7
15. f4 O-O 16. e5 f5 17. exf6 Rxf6 18. Rae1 Qh5 19. Be2 Qh4 20. Bf3 Bxf3 21.
Rxf3 Rcf8 22. Ne4 Rf5 23. g3 Qg4 24. Rd3 Nd5 25. Ng5 Qh5 26. Nf3 Qe8 27. b3 Qa8
28. Qg2 Rxf4 29. Ng5 Rf2 30. Qe4 Rf1+ 31. Kg2 R1f2+ 32. Kg1 R2f5 33. Nxh7 Qa7+
34. Kh1 Kxh7 35. g4 Nf6 36. Qb4 Nxg4 0-1

[Event "50th Rilton Cup 2022-23"]
[Site "Stockholm SWE"]
[Date "2023.01.05"]
[Round "9.5"]
[White "Souleidis, Georgios"]
[Black "Thybo, Jesper Sondergaard"]
[Result "1/2-1/2"]
[WhiteTitle "IM"]
[BlackTitle "GM"]
[WhiteElo "2410"]
[BlackElo "2515"]
[WhiteFideId "4206827"]
[BlackFideId "1438832"]
[EventDate "2022.12.27"]

1. e4 c5 2. Nf3 Nc6 3. Bc4 e6 4. O-O d6 5. Re1 Nf6 6. Bf1 g6 7. c3 Bg7 8. d4 O-O
9. Bf4 cxd4 10. cxd4 e5 11. dxe5 dxe5 12. Qxd8 Rxd8 13. Bg5 Be6 14. Nc3 h6 15.
Be3 Ne8 16. Rac1 Nc7 17. b3 Nd4 18. Na4 Ncb5 19. Nc5 Bc8 20. Nxd4 Nxd4 21. Bc4
b6 22. Na6 b5 23. Nc7 Rb8 24. Bd5 Bd7 25. Kf1 Rbc8 26. Bb7 Rb8 27. Bd5 Rbc8 28.
Bb7 Rb8 29. Bd5 1/2-1/2

[Event "50th Rilton Cup 2022-23"]
[Site "Stockholm SWE"]
[Date "2023.01.05"]
[Round "9.6"]
[White "Gorshtein, Ido"]
[Black "Moksh, Amit Doshi"]
[Result "1-0"]
[WhiteTitle "IM"]
[BlackTitle "IM"]
[WhiteElo "2469"]
[BlackElo "2414"]
[WhiteFideId "2815532"]
[BlackFideId "25064967"]
[EventDate "2022.12.27"]

1. c4 c5 2. Nc3 Nc6 3. g3 g6 4. Bg2 Bg7 5. b3 Nf6 6. Bb2 O-O 7. Rc1 e6 8. Nf3 d5
9. Na4 b6 10. d4 Nxd4 11. Nxd4 cxd4 12. Qxd4 Bb7 13. O-O Bc6 14. Rfd1 Rc8 15.
cxd5 Bxd5 16. Rxc8 Qxc8 17. Bxd5 exd5 18. Nc3 Rd8 19. Qh4 Qe6 20. e3 Rd7 21. Ne2
h5 22. Qd4 Qf5 23. Rc1 Kh7 24. Qf4 Qxf4 25. gxf4 Ne4 26. Bxg7 Kxg7 27. Rc6 Kf8
28. Nd4 Nd6 29. Kf1 Ke7 30. Ke2 Rb7 31. f3 Kd7 32. Kd3 Rc7 33. Rxd6+ Kxd6 34.
Nb5+ Kd7 35. Nxc7 Kxc7 36. Kd4 Kd6 37. e4 dxe4 38. fxe4 h4 39. b4 Ke6 40. Ke3
Kd6 41. Kf3 f5 42. e5+ Kd5 43. b5 g5 44. fxg5 Kxe5 45. a4 f4 46. g6 Kf6 47. Kxf4
Kxg6 48. Kg4 h3 49. Kxh3 Kh5 50. Kg3 Kg5 51. Kf3 1-0

[Event "50th Rilton Cup 2022-23"]
[Site "Stockholm SWE"]
[Date "2023.01.05"]
[Round "9.7"]
[White "Sokolovsky, Yahli"]
[Black "Dann, Matthias"]
[Result "1-0"]
[WhiteTitle "IM"]
[BlackTitle "IM"]
[WhiteElo "2415"]
[BlackElo "2465"]
[WhiteFideId "2820242"]
[BlackFideId "24638056"]
[EventDate "2022.12.27"]

1. e4 e6 2. d4 d5 3. Nd2 c5 4. Ngf3 cxd4 5. Nxd4 Nc6 6. Bb5 Bd7 7. Nxc6 bxc6 8.
Bd3 Qc7 9. Qe2 Bd6 10. Nf3 dxe4 11. Qxe4 Nf6 12. Qh4 c5 13. O-O Bc6 14. Nd2 Nd5
15. Nc4 Bf4 16. Re1 Rd8 17. Be4 Bxc1 18. Raxc1 Nf6 19. Qg3 1-0

[Event "50th Rilton Cup 2022-23"]
[Site "Stockholm SWE"]
[Date "2023.01.05"]
[Round "9.8"]
[White "Raja, Rithvik R"]
[Black "Sidhant, Mohapatra"]
[Result "1/2-1/2"]
[WhiteTitle "GM"]
[BlackTitle "IM"]
[WhiteElo "2453"]
[BlackElo "2337"]
[WhiteFideId "35007394"]
[BlackFideId "5028698"]
[EventDate "2022.12.27"]

1. d4 d5 2. c4 c6 3. Nf3 Nf6 4. Qb3 dxc4 5. Qxc4 Bg4 6. Nc3 Nbd7 7. Bf4 e6 8. e4
Rc8 9. Be2 Be7 10. O-O O-O 11. Rfd1 Bh5 12. Qb3 Qb6 13. Qc2 Rfd8 14. Rac1 Bg6
15. Nd2 c5 16. Nc4 Qc6 17. d5 exd5 18. exd5 Qa6 19. Qb3 Nb6 20. d6 Bf8 21. Nxb6
Qxb6 22. Qxb6 axb6 23. Bf3 Nh5 24. Be5 f6 25. d7 fxe5 26. dxc8=Q Rxc8 27. Bxb7
Rb8 28. Be4 Bf7 29. Bd5 Nf6 30. Bxf7+ Kxf7 31. f3 b5 32. b3 c4 33. Ne4 Nxe4 34.
fxe4 Rc8 35. bxc4 bxc4 36. Rd5 Bc5+ 37. Kf1 Bd4 38. a4 c3 39. Ke2 Rc4 40. a5 Ra4
41. Kd3 Ra2 42. Rc2 Ra1 43. Kc4 Kf6 44. g3 h6 45. h4 Ke6 46. Kb5 Re1 47. a6 Rb1+
48. Kc4 Ra1 49. Rb5 Rxa6 50. Rb7 g6 51. g4 Ra4+ 52. Kd3 Ra1 53. g5 hxg5 54. hxg5
Re1 1/2-1/2

[Event "50th Rilton Cup 2022-23"]
[Site "Stockholm SWE"]
[Date "2023.01.05"]
[Round "9.9"]
[White "Livaic, Leon"]
[Black "Richter, Nils"]
[Result "1-0"]
[WhiteTitle "GM"]
[BlackTitle "FM"]
[WhiteElo "2572"]
[BlackElo "2416"]
[WhiteFideId "14531534"]
[BlackFideId "12990809"]
[EventDate "2022.12.27"]

1. e4 c5 2. Nf3 e6 3. d4 cxd4 4. Nxd4 Nf6 5. Nc3 Nc6 6. a3 Be7 7. Nxc6 bxc6 8.
e5 Nd5 9. Qg4 g6 10. Qg3 d6 11. Bh6 dxe5 12. Bg7 Rg8 13. Bxe5 f6 14. Nxd5 cxd5
15. Bc3 e5 16. O-O-O Be6 17. Bc4 Qd7 18. Rhe1 Qc6 19. Bb3 O-O-O 20. Qh4 g5 21.
Qxh7 Bc5 22. f3 Rd7 23. Qd3 Kb8 24. Kb1 Rc8 25. Bb4 Bxb4 26. axb4 Bg8 27. Qd2
Bh7 28. Re3 d4 29. Rc3 Qd6 30. Rxc8+ Kxc8 31. Bc4 Rb7 32. b5 Qc5 33. Bd3 Bxd3
34. cxd3 Qxb5 35. Rc1+ Kd7 36. Rc2 a5 37. Qe2 Rc7 38. Rxc7+ Kxc7 39. Qe4 a4 40.
Ka1 Qb3 41. Qg6 Qd1+ 42. Ka2 Qb3+ 1-0

[Event "50th Rilton Cup 2022-23"]
[Site "Stockholm SWE"]
[Date "2023.01.05"]
[Round "9.10"]
[White "Willow, Jonah B"]
[Black "Blomqvist, Erik"]
[Result "1/2-1/2"]
[WhiteTitle "IM"]
[BlackTitle "GM"]
[WhiteElo "2409"]
[BlackElo "2544"]
[WhiteFideId "438804"]
[BlackFideId "1709437"]
[EventDate "2022.12.27"]

1. Nf3 Nf6 2. c4 e6 3. Nc3 Bb4 4. Qc2 O-O 5. a3 Bxc3 6. Qxc3 d6 7. b4 e5 8. Bb2
Re8 9. d3 Bg4 10. e3 Nbd7 11. Be2 a5 12. O-O h6 13. h3 Bh5 14. Rfc1 Qe7 15. Qe1
Nf8 16. Bc3 Ne6 17. Rcb1 axb4 18. axb4 Ng5 19. Nxg5 Bxe2 20. Qxe2 hxg5 21. Qf3
c6 22. Qf5 Nd7 23. Ra5 Rxa5 24. bxa5 Nc5 25. d4 exd4 26. exd4 Qe4 27. Qxe4 Nxe4
28. Be1 Re7 29. f3 Nf6 30. Bd2 Nh5 31. Bxg5 f6 32. Bd2 Re2 33. Bb4 Nf4 34. Bxd6
Nxg2 35. Rxb7 Ne3 36. a6 Rg2+ 37. Kh1 Ra2 38. a7 Kh7 39. Bc5 Ra1+ 40. Kh2 Ra2+
41. Kg1 Nxc4 42. Rb8 Nd2 43. a8=Q Nxf3+ 44. Kf1 Nh2+ 45. Ke1 Nf3+ 46. Kd1 1/2-1/2

[Event "50th Rilton Cup 2022-23"]
[Site "Stockholm SWE"]
[Date "2023.01.05"]
[Round "9.11"]
[White "Krasenkow, Michal"]
[Black "Kilgus, Georg"]
[Result "1/2-1/2"]
[WhiteTitle "GM"]
[BlackTitle "IM"]
[WhiteElo "2541"]
[BlackElo "2389"]
[WhiteFideId "1113100"]
[BlackFideId "1606212"]
[EventDate "2022.12.27"]

1. Nf3 Nf6 2. c4 e6 3. Nc3 d5 4. d4 Bb4 5. Qa4+ Nc6 6. e3 O-O 7. Qc2 Re8 8. Bd2
h6 9. a3 Bf8 10. cxd5 exd5 11. Bd3 a6 12. O-O Bd6 13. h3 Be6 14. e4 dxe4 15.
Nxe4 Bd5 16. Rfe1 Nxe4 17. Bxe4 Bxe4 18. Rxe4 Rxe4 19. Qxe4 Qe7 20. Qg4 Qe6 21.
Qxe6 fxe6 22. Re1 Kf7 23. h4 Rd8 24. g4 Be7 25. Re4 Rd5 26. g5 h5 27. Bc3 Bd6
28. Ne1 Ne7 29. Ng2 Rf5 30. f4 Nd5 31. Bd2 Ke7 1/2-1/2

[Event "50th Rilton Cup 2022-23"]
[Site "Stockholm SWE"]
[Date "2023.01.05"]
[Round "9.12"]
[White "Milikow, Elie"]
[Black "Hillarp Persson, Tiger"]
[Result "1/2-1/2"]
[WhiteTitle "FM"]
[BlackTitle "GM"]
[WhiteElo "2427"]
[BlackElo "2523"]
[WhiteFideId "371281868"]
[BlackFideId "1700812"]
[EventDate "2022.12.27"]

1. e4 c5 2. Nf3 d6 3. d4 cxd4 4. Nxd4 Nf6 5. Nc3 a6 6. f3 e5 7. Nb3 Be6 8. Be3
h5 9. Qd2 Nbd7 10. Nd5 Bxd5 11. exd5 Qc7 12. c4 g6 13. Be2 a5 14. Rc1 a4 15. Na1
Qa5 16. Nc2 Bh6 17. Bxh6 Rxh6 18. b4 axb3 19. axb3 Qxd2+ 20. Kxd2 Rh8 21. Ra1
Ke7 22. h4 Rhc8 23. Ne3 Ne8 24. g4 Ng7 25. g5 f5 26. gxf6+ Kxf6 27. Bd3 Nf5 28.
Nxf5 gxf5 29. Rxa8 Rxa8 30. Rg1 Ra2+ 31. Bc2 b5 32. Rg5 e4 33. fxe4 fxe4 34.
cxb5 Ne5 35. Kc3 e3 36. Rg3 Ng4 37. Rf3+ Ke7 38. Rf1 1/2-1/2